000 01572nam0a2200349 4500
001 RU\NLR\BIBL_A\022252349
005 20240805125935.0
010 _a978-5-88337-148-5
_91000
021 _aRU
_bКН-П-24-025945
_9КН-П-24-2669
035 _a(NLR Aleph) 022252349
090 _a13193143
_c13193143
100 _a20240614d2019 u y0rusy50 ca
101 0 _arus
_aeng
102 _aRU
105 _aa|||j|||000yy
181 0 _ai3
_baxxe
182 0 _an
200 1 _aРусский язык за 10 дней по-новому
_e(для говорящих на английском языке)
_e[аудио через QR-код]
_eпособие
_fТ. Е. Акишина
203 _aТекст
_bвизуальный
_cнепосредственный
205 _a4-е изд., испр.
210 _aМосква
_cРусский язык. Курсы
_d2019
215 _a223, [1] с.
_cил., табл.
_d16
300 _aНа обл. загл. также на англ. яз.
300 _aНа 4-й с. обл. авт.: Акишина Т. Е., проф.
300 _aДоп. информ. в ссылках QR-кода кн.
606 1 _aРусский язык
_jУчебные издания для иностранцев
_91533567
_3RU\NLR\auth\66969347
686 1 _aШ141.12-93англ5
700 1 _7ca
_8rus
_aАкишина
_bТ. Е.
_gТатьяна Евгеньевна
_932677
_3RU\NLR\AUTH\7749742
942 _cBOOK
980 _aNB